| 000 | 00623nam a2200205 a 4500 | ||
|---|---|---|---|
| 999 |
_c1133 _d1133 |
||
| 001 | 1133 | ||
| 003 | BD-JhCC | ||
| 005 | 20171015172007.0 | ||
| 008 | 171015s2010 bg |||| |||| 000 0 ben d | ||
| 035 | _a(BD-JhCC)1133 | ||
| 040 |
_aBD-JhCC _dBD-JhCC |
||
| 041 | _aben | ||
| 082 |
_a891.443 _bAKH 2010 |
||
| 100 | _aআখতার, শাহীন | ||
| 245 |
_aসখী রঙ্গমালা / _cশাহীন আখতার |
||
| 260 |
_aঢাকা: _bপ্রথমা প্রকাশন, _c২০১০ |
||
| 300 |
_a১৯২ পৃ.; _c২২ সে.মি. |
||
| 650 | _aBengali Novel | ||
| 942 |
_2ddc _cBK |
||